| 000 | 01207pam a2200325 a 4500 | ||
|---|---|---|---|
| 001 | 2051614 | ||
| 003 | NUST-PNEC | ||
| 005 | 20170114142519.0 | ||
| 008 | 930720s1995 nyu 001 0 eng | ||
| 010 | _a 93029589 | ||
| 020 | _a0028018214 | ||
| 040 |
_aDLC _cPNEC _dDLC |
||
| 050 | 0 | 0 |
_aTK7868.D5 _bL396 1995 |
| 082 | 0 | 0 |
_a621.395 LEA _220 |
| 100 | 1 | _aLeach, Donald P. | |
| 245 | 1 | 0 |
_aDigital principles and applications _cDonald P. Leach, Albert Paul Malvino. |
| 250 | _a5th ed. | ||
| 260 |
_aNew York, N.Y. : _bGlencoe, _cc1995. |
||
| 300 |
_aX, 638 p. ; _c24 cm. |
||
| 500 | _aIncludes Index | ||
| 650 | 0 | _aDigital electronics. | |
| 650 | 0 |
_aElectronic digital computers _xEE, EL |
|
| 700 | 1 | _aMalvino, Albert Paul. | |
| 700 | 1 |
_aMalvino, Albert Paul. _tDigital principles and applications. |
|
| 856 | 4 | 2 |
_3Publisher description _uhttp://www.loc.gov/catdir/description/mh031/93029589.html |
| 856 | 4 | 1 |
_3Table of contents _uhttp://www.loc.gov/catdir/toc/mh031/93029589.html |
| 906 |
_a7 _bcbc _corignew _d1 _eocip _f19 _gy-gencatlg |
||
| 942 |
_2ddc _cBK |
||
| 999 |
_c60058 _d60058 |
||